000 00636nam a22002052 4500
001 0000007283
005 20151217155833.0
008 071218s xx 000 0 eng d
020 _a9966468080 :
_cKES 240
040 _aKABU
_cKABU
100 1 _aKenyanchui, Simon S. S.
_@0000158498
245 1 0 _aNabongo Mumia /
_cSimon S. S. Kenyanchui.
260 _aNairobi :
_bHeinemann,
_c1992.
300 _a49 p.
650 0 _aMumia, Nabongo.
_@0000158499
650 0 _aLuyia (African people)
_vBiography
_xKings and rulers.
_@0000158500
908 _a071218
950 _@1
999 _c13064
_d13064